<?xml version="1.0" encoding="UTF-8"?>
<record
    xmlns:xsi="http://www.w3.org/2001/XMLSchema-instance"
    xsi:schemaLocation="http://www.loc.gov/MARC21/slim http://www.loc.gov/standards/marcxml/schema/MARC21slim.xsd"
    xmlns="http://www.loc.gov/MARC21/slim">

  <leader>00869nam a2200253Ia 4500</leader>
  <controlfield tag="005">20150326124530.0</controlfield>
  <datafield tag="010" ind1=" " ind2=" ">
    <subfield code="a">BAC-EN21      ENG-111992</subfield>
  </datafield>
  <datafield tag="020" ind1=" " ind2=" ">
    <subfield code="a">9788126536870</subfield>
    <subfield code="c">819.00</subfield>
  </datafield>
  <datafield tag="035" ind1=" " ind2=" ">
    <subfield code="a">EN-95524</subfield>
  </datafield>
  <datafield tag="035" ind1=" " ind2=" ">
    <subfield code="a">B-584515-540</subfield>
  </datafield>
  <datafield tag="037" ind1=" " ind2=" ">
    <subfield code="b">Asian Book Centre/Ven</subfield>
    <subfield code="a">dpl</subfield>
  </datafield>
  <datafield tag="037" ind1=" " ind2=" ">
    <subfield code="b">DBAD/PUB</subfield>
  </datafield>
  <datafield tag="082" ind1=" " ind2=" ">
    <subfield code="a">547</subfield>
  </datafield>
  <datafield tag="100" ind1=" " ind2=" ">
    <subfield code="a">Solomons, T.W.Graham</subfield>
  </datafield>
  <datafield tag="245" ind1=" " ind2=" ">
    <subfield code="a">Organic chemistry / </subfield>
    <subfield code="c">by T.W.Graham Solomons [and] Craig B.Fryhle</subfield>
  </datafield>
  <datafield tag="260" ind1=" " ind2=" ">
    <subfield code="c">2014</subfield>
    <subfield code="a">New Delhi</subfield>
    <subfield code="b">John Wiley </subfield>
  </datafield>
  <datafield tag="270" ind1=" " ind2=" ">
    <subfield code="a">4435-36/7 Ansari Road, Daryaganj</subfield>
    <subfield code="b">New Delhi</subfield>
    <subfield code="e">110002</subfield>
  </datafield>
  <datafield tag="300" ind1=" " ind2=" ">
    <subfield code="c">24cm(pbk)</subfield>
    <subfield code="a">xxvii,1164p. :</subfield>
    <subfield code="b">ill.</subfield>
  </datafield>
  <datafield tag="500" ind1=" " ind2=" ">
    <subfield code="a">Includes index</subfield>
  </datafield>
  <datafield tag="650" ind1=" " ind2=" ">
    <subfield code="a">Chemistry,organic</subfield>
    <subfield code="v">Textbooks</subfield>
  </datafield>
  <datafield tag="700" ind1=" " ind2=" ">
    <subfield code="a">Fryhle, Craig B. </subfield>
  </datafield>
  <datafield tag="942" ind1=" " ind2=" ">
    <subfield code="c">EN</subfield>
    <subfield code="2">ddc</subfield>
    <subfield code="m">SOL</subfield>
    <subfield code="h">547</subfield>
  </datafield>
  <datafield tag="999" ind1=" " ind2=" ">
    <subfield code="c">88065</subfield>
    <subfield code="d">88065</subfield>
  </datafield>
  <datafield tag="952" ind1=" " ind2=" ">
    <subfield code="0">0</subfield>
    <subfield code="1">0</subfield>
    <subfield code="4">0</subfield>
    <subfield code="7">1</subfield>
    <subfield code="8">NFIC</subfield>
    <subfield code="a">DBAD</subfield>
    <subfield code="b">DBAD</subfield>
    <subfield code="d">2015-01-29</subfield>
    <subfield code="e">DBAD / PUB</subfield>
    <subfield code="g">819.00</subfield>
    <subfield code="l">0</subfield>
    <subfield code="o">547 SOL</subfield>
    <subfield code="p">EN-95524</subfield>
    <subfield code="r">2015-01-29 00:00:00</subfield>
    <subfield code="t">1</subfield>
    <subfield code="v">819.00</subfield>
    <subfield code="y">EN</subfield>
  </datafield>
  <datafield tag="952" ind1=" " ind2=" ">
    <subfield code="0">0</subfield>
    <subfield code="1">0</subfield>
    <subfield code="4">0</subfield>
    <subfield code="7">0</subfield>
    <subfield code="8">NFIC</subfield>
    <subfield code="a">L</subfield>
    <subfield code="b">L</subfield>
    <subfield code="d">2015-02-03</subfield>
    <subfield code="e">ABC/IN4454/13.12.2014/168/08.12.2014/30.12.2014</subfield>
    <subfield code="g">819.00</subfield>
    <subfield code="l">6</subfield>
    <subfield code="m">3</subfield>
    <subfield code="o">547 SOL</subfield>
    <subfield code="p">B-584515</subfield>
    <subfield code="r">2021-07-20 00:00:00</subfield>
    <subfield code="s">2021-06-10</subfield>
    <subfield code="t">2</subfield>
    <subfield code="v">819.00</subfield>
    <subfield code="y">EN</subfield>
  </datafield>
  <datafield tag="952" ind1=" " ind2=" ">
    <subfield code="0">0</subfield>
    <subfield code="1">0</subfield>
    <subfield code="4">0</subfield>
    <subfield code="7">0</subfield>
    <subfield code="8">NFIC</subfield>
    <subfield code="a">L</subfield>
    <subfield code="b">L</subfield>
    <subfield code="d">2015-02-03</subfield>
    <subfield code="e">ABC/IN4454/13.12.2014/168/08.12.2014/30.12.2014</subfield>
    <subfield code="g">819.00</subfield>
    <subfield code="l">2</subfield>
    <subfield code="o">547 SOL</subfield>
    <subfield code="p">B-584516</subfield>
    <subfield code="r">2023-01-27 00:00:00</subfield>
    <subfield code="s">2023-01-19</subfield>
    <subfield code="t">2</subfield>
    <subfield code="v">819.00</subfield>
    <subfield code="y">EN</subfield>
  </datafield>
  <datafield tag="952" ind1=" " ind2=" ">
    <subfield code="0">0</subfield>
    <subfield code="1">0</subfield>
    <subfield code="4">0</subfield>
    <subfield code="7">1</subfield>
    <subfield code="8">REF</subfield>
    <subfield code="a">L</subfield>
    <subfield code="b">L</subfield>
    <subfield code="d">2015-02-03</subfield>
    <subfield code="e">ABC/IN4454/13.12.2014/168/08.12.2014/30.12.2014</subfield>
    <subfield code="g">819.00</subfield>
    <subfield code="l">0</subfield>
    <subfield code="o">547 SOL</subfield>
    <subfield code="p">B-584517</subfield>
    <subfield code="r">2015-02-03 00:00:00</subfield>
    <subfield code="t">1</subfield>
    <subfield code="v">819.00</subfield>
    <subfield code="y">EN</subfield>
  </datafield>
  <datafield tag="952" ind1=" " ind2=" ">
    <subfield code="0">0</subfield>
    <subfield code="1">0</subfield>
    <subfield code="4">0</subfield>
    <subfield code="7">0</subfield>
    <subfield code="8">NFIC</subfield>
    <subfield code="a">M</subfield>
    <subfield code="b">M</subfield>
    <subfield code="d">2015-02-03</subfield>
    <subfield code="e">ABC/IN4454/13.12.2014/168/08.12.2014/30.12.2014</subfield>
    <subfield code="g">819.00</subfield>
    <subfield code="l">0</subfield>
    <subfield code="o">547 SOL</subfield>
    <subfield code="p">B-584518</subfield>
    <subfield code="r">2015-02-03 00:00:00</subfield>
    <subfield code="t">1</subfield>
    <subfield code="v">819.00</subfield>
    <subfield code="y">EN</subfield>
  </datafield>
  <datafield tag="952" ind1=" " ind2=" ">
    <subfield code="0">1</subfield>
    <subfield code="1">0</subfield>
    <subfield code="4">0</subfield>
    <subfield code="7">0</subfield>
    <subfield code="8">NFIC</subfield>
    <subfield code="a">BL1</subfield>
    <subfield code="b">BL1</subfield>
    <subfield code="d">2015-02-03</subfield>
    <subfield code="e">ABC/IN4454/13.12.2014/168/08.12.2014/30.12.2014</subfield>
    <subfield code="g">819.00</subfield>
    <subfield code="l">0</subfield>
    <subfield code="o">547 SOL</subfield>
    <subfield code="p">B-584519</subfield>
    <subfield code="r">2015-02-03 00:00:00</subfield>
    <subfield code="t">1</subfield>
    <subfield code="v">819.00</subfield>
    <subfield code="y">EN</subfield>
  </datafield>
  <datafield tag="952" ind1=" " ind2=" ">
    <subfield code="0">0</subfield>
    <subfield code="1">0</subfield>
    <subfield code="4">0</subfield>
    <subfield code="7">0</subfield>
    <subfield code="8">NFIC</subfield>
    <subfield code="a">KGM</subfield>
    <subfield code="b">KGM</subfield>
    <subfield code="d">2015-02-03</subfield>
    <subfield code="e">ABC/IN4454/13.12.2014/168/08.12.2014/30.12.2014</subfield>
    <subfield code="g">819.00</subfield>
    <subfield code="l">3</subfield>
    <subfield code="m">3</subfield>
    <subfield code="o">547 SOL</subfield>
    <subfield code="p">B-584520</subfield>
    <subfield code="r">2020-03-14 00:00:00</subfield>
    <subfield code="s">2020-02-25</subfield>
    <subfield code="t">1</subfield>
    <subfield code="v">819.00</subfield>
    <subfield code="y">EN</subfield>
  </datafield>
  <datafield tag="952" ind1=" " ind2=" ">
    <subfield code="0">0</subfield>
    <subfield code="1">0</subfield>
    <subfield code="4">0</subfield>
    <subfield code="7">0</subfield>
    <subfield code="8">NFIC</subfield>
    <subfield code="a">PR</subfield>
    <subfield code="b">PR</subfield>
    <subfield code="d">2015-02-03</subfield>
    <subfield code="e">ABC/IN4454/13.12.2014/168/08.12.2014/30.12.2014</subfield>
    <subfield code="g">819.00</subfield>
    <subfield code="l">0</subfield>
    <subfield code="o">547 SOL</subfield>
    <subfield code="p">B-584521</subfield>
    <subfield code="r">2015-02-03 00:00:00</subfield>
    <subfield code="t">1</subfield>
    <subfield code="v">819.00</subfield>
    <subfield code="y">EN</subfield>
  </datafield>
  <datafield tag="952" ind1=" " ind2=" ">
    <subfield code="0">0</subfield>
    <subfield code="1">0</subfield>
    <subfield code="4">0</subfield>
    <subfield code="7">0</subfield>
    <subfield code="8">NFIC</subfield>
    <subfield code="a">TN</subfield>
    <subfield code="b">TN</subfield>
    <subfield code="d">2015-02-03</subfield>
    <subfield code="e">ABC/IN4454/13.12.2014/168/08.12.2014/30.12.2014</subfield>
    <subfield code="g">819.00</subfield>
    <subfield code="l">0</subfield>
    <subfield code="o">547 SOL</subfield>
    <subfield code="p">B-584522</subfield>
    <subfield code="r">2015-02-03 00:00:00</subfield>
    <subfield code="t">1</subfield>
    <subfield code="v">819.00</subfield>
    <subfield code="y">EN</subfield>
  </datafield>
  <datafield tag="952" ind1=" " ind2=" ">
    <subfield code="0">0</subfield>
    <subfield code="1">0</subfield>
    <subfield code="4">0</subfield>
    <subfield code="7">0</subfield>
    <subfield code="8">NFIC</subfield>
    <subfield code="a">CJ</subfield>
    <subfield code="b">CJ</subfield>
    <subfield code="d">2015-02-03</subfield>
    <subfield code="e">ABC/IN4454/13.12.2014/168/08.12.2014/30.12.2014</subfield>
    <subfield code="g">819.00</subfield>
    <subfield code="l">2</subfield>
    <subfield code="m">2</subfield>
    <subfield code="o">547 SOL</subfield>
    <subfield code="p">B-584523</subfield>
    <subfield code="r">2020-11-09 00:00:00</subfield>
    <subfield code="s">2020-10-09</subfield>
    <subfield code="t">1</subfield>
    <subfield code="v">819.00</subfield>
    <subfield code="y">EN</subfield>
  </datafield>
  <datafield tag="952" ind1=" " ind2=" ">
    <subfield code="0">0</subfield>
    <subfield code="1">0</subfield>
    <subfield code="4">0</subfield>
    <subfield code="7">0</subfield>
    <subfield code="8">NFIC</subfield>
    <subfield code="a">DIZ</subfield>
    <subfield code="b">DIZ</subfield>
    <subfield code="d">2015-02-03</subfield>
    <subfield code="e">ABC/IN4454/13.12.2014/168/08.12.2014/30.12.2014</subfield>
    <subfield code="g">819.00</subfield>
    <subfield code="l">0</subfield>
    <subfield code="o">547 SOL</subfield>
    <subfield code="p">B-584524</subfield>
    <subfield code="r">2015-02-03 00:00:00</subfield>
    <subfield code="t">1</subfield>
    <subfield code="v">819.00</subfield>
    <subfield code="y">EN</subfield>
  </datafield>
  <datafield tag="952" ind1=" " ind2=" ">
    <subfield code="0">0</subfield>
    <subfield code="1">0</subfield>
    <subfield code="4">0</subfield>
    <subfield code="7">0</subfield>
    <subfield code="8">NFIC</subfield>
    <subfield code="a">JP</subfield>
    <subfield code="b">JP</subfield>
    <subfield code="d">2015-02-03</subfield>
    <subfield code="e">ABC/IN4454/13.12.2014/168/08.12.2014/30.12.2014</subfield>
    <subfield code="g">819.00</subfield>
    <subfield code="l">15</subfield>
    <subfield code="m">5</subfield>
    <subfield code="o">547 SOL</subfield>
    <subfield code="p">B-584525</subfield>
    <subfield code="r">2019-01-05 00:00:00</subfield>
    <subfield code="s">2018-12-20</subfield>
    <subfield code="t">1</subfield>
    <subfield code="v">819.00</subfield>
    <subfield code="y">EN</subfield>
  </datafield>
  <datafield tag="952" ind1=" " ind2=" ">
    <subfield code="0">0</subfield>
    <subfield code="1">0</subfield>
    <subfield code="4">0</subfield>
    <subfield code="7">0</subfield>
    <subfield code="8">NFIC</subfield>
    <subfield code="a">ZLS</subfield>
    <subfield code="b">ZLS</subfield>
    <subfield code="d">2015-02-03</subfield>
    <subfield code="e">ABC/IN4454/13.12.2014/168/08.12.2014/30.12.2014</subfield>
    <subfield code="g">819.00</subfield>
    <subfield code="l">2</subfield>
    <subfield code="o">547 SOL</subfield>
    <subfield code="p">B-584526</subfield>
    <subfield code="r">2019-12-21 00:00:00</subfield>
    <subfield code="s">2019-12-09</subfield>
    <subfield code="t">1</subfield>
    <subfield code="v">819.00</subfield>
    <subfield code="y">EN</subfield>
  </datafield>
  <datafield tag="952" ind1=" " ind2=" ">
    <subfield code="0">0</subfield>
    <subfield code="1">0</subfield>
    <subfield code="4">0</subfield>
    <subfield code="7">0</subfield>
    <subfield code="8">NFIC</subfield>
    <subfield code="a">RKP</subfield>
    <subfield code="b">RKP</subfield>
    <subfield code="d">2015-02-03</subfield>
    <subfield code="e">ABC/IN4454/13.12.2014/168/08.12.2014/30.12.2014</subfield>
    <subfield code="g">819.00</subfield>
    <subfield code="l">2</subfield>
    <subfield code="o">547 SOL</subfield>
    <subfield code="p">B-584527</subfield>
    <subfield code="r">2020-02-14 00:00:00</subfield>
    <subfield code="s">2020-01-30</subfield>
    <subfield code="t">1</subfield>
    <subfield code="v">819.00</subfield>
    <subfield code="y">EN</subfield>
  </datafield>
  <datafield tag="952" ind1=" " ind2=" ">
    <subfield code="0">0</subfield>
    <subfield code="1">0</subfield>
    <subfield code="4">0</subfield>
    <subfield code="7">0</subfield>
    <subfield code="8">NFIC</subfield>
    <subfield code="a">AG</subfield>
    <subfield code="b">AG</subfield>
    <subfield code="d">2015-02-03</subfield>
    <subfield code="e">ABC/IN4454/13.12.2014/168/08.12.2014/30.12.2014</subfield>
    <subfield code="g">819.00</subfield>
    <subfield code="l">2</subfield>
    <subfield code="o">547 SOL</subfield>
    <subfield code="p">B-584528</subfield>
    <subfield code="r">2019-05-31 00:00:00</subfield>
    <subfield code="s">2019-05-17</subfield>
    <subfield code="t">1</subfield>
    <subfield code="v">819.00</subfield>
    <subfield code="y">EN</subfield>
  </datafield>
  <datafield tag="952" ind1=" " ind2=" ">
    <subfield code="0">0</subfield>
    <subfield code="1">0</subfield>
    <subfield code="4">0</subfield>
    <subfield code="7">0</subfield>
    <subfield code="8">NFIC</subfield>
    <subfield code="a">ZLS</subfield>
    <subfield code="b">ZLS</subfield>
    <subfield code="d">2015-02-03</subfield>
    <subfield code="e">ABC/IN4454/13.12.2014/168/08.12.2014/30.12.2014</subfield>
    <subfield code="g">819.00</subfield>
    <subfield code="l">7</subfield>
    <subfield code="m">8</subfield>
    <subfield code="o">547 SOL</subfield>
    <subfield code="p">B-584529</subfield>
    <subfield code="r">2021-12-20 00:00:00</subfield>
    <subfield code="s">2021-12-07</subfield>
    <subfield code="t">1</subfield>
    <subfield code="v">819.00</subfield>
    <subfield code="y">EN</subfield>
  </datafield>
  <datafield tag="952" ind1=" " ind2=" ">
    <subfield code="0">0</subfield>
    <subfield code="1">0</subfield>
    <subfield code="4">0</subfield>
    <subfield code="7">0</subfield>
    <subfield code="8">NFIC</subfield>
    <subfield code="a">ZLS</subfield>
    <subfield code="b">ZLS</subfield>
    <subfield code="d">2015-02-03</subfield>
    <subfield code="e">ABC/IN4454/13.12.2014/168/08.12.2014/30.12.2014</subfield>
    <subfield code="g">819.00</subfield>
    <subfield code="l">3</subfield>
    <subfield code="m">4</subfield>
    <subfield code="o">547 SOL</subfield>
    <subfield code="p">B-584530</subfield>
    <subfield code="r">2024-05-24 00:00:00</subfield>
    <subfield code="s">2024-05-03</subfield>
    <subfield code="t">1</subfield>
    <subfield code="v">819.00</subfield>
    <subfield code="y">EN</subfield>
  </datafield>
  <datafield tag="952" ind1=" " ind2=" ">
    <subfield code="0">0</subfield>
    <subfield code="1">0</subfield>
    <subfield code="4">0</subfield>
    <subfield code="7">0</subfield>
    <subfield code="8">NFIC</subfield>
    <subfield code="a">VP</subfield>
    <subfield code="b">VP</subfield>
    <subfield code="d">2015-02-03</subfield>
    <subfield code="e">ABC/IN4454/13.12.2014/168/08.12.2014/30.12.2014</subfield>
    <subfield code="g">819.00</subfield>
    <subfield code="l">10</subfield>
    <subfield code="m">3</subfield>
    <subfield code="o">547 SOL</subfield>
    <subfield code="p">B-584531</subfield>
    <subfield code="r">2020-01-13 00:00:00</subfield>
    <subfield code="s">2019-12-27</subfield>
    <subfield code="t">1</subfield>
    <subfield code="v">819.00</subfield>
    <subfield code="y">EN</subfield>
  </datafield>
  <datafield tag="952" ind1=" " ind2=" ">
    <subfield code="0">0</subfield>
    <subfield code="1">0</subfield>
    <subfield code="4">0</subfield>
    <subfield code="7">0</subfield>
    <subfield code="8">NFIC</subfield>
    <subfield code="a">BL3</subfield>
    <subfield code="b">BL3</subfield>
    <subfield code="d">2015-02-03</subfield>
    <subfield code="e">ABC/IN4454/13.12.2014/168/08.12.2014/30.12.2014</subfield>
    <subfield code="g">819.00</subfield>
    <subfield code="l">0</subfield>
    <subfield code="o">547 SOL</subfield>
    <subfield code="p">B-584532</subfield>
    <subfield code="r">2015-02-03 00:00:00</subfield>
    <subfield code="t">1</subfield>
    <subfield code="v">819.00</subfield>
    <subfield code="y">EN</subfield>
  </datafield>
  <datafield tag="952" ind1=" " ind2=" ">
    <subfield code="0">0</subfield>
    <subfield code="1">0</subfield>
    <subfield code="4">0</subfield>
    <subfield code="7">0</subfield>
    <subfield code="8">NFIC</subfield>
    <subfield code="a">NRR</subfield>
    <subfield code="b">NRR</subfield>
    <subfield code="d">2015-02-03</subfield>
    <subfield code="e">ABC/IN4454/13.12.2014/168/08.12.2014/30.12.2014</subfield>
    <subfield code="g">819.00</subfield>
    <subfield code="l">0</subfield>
    <subfield code="o">547 SOL</subfield>
    <subfield code="p">B-584533</subfield>
    <subfield code="r">2015-02-03 00:00:00</subfield>
    <subfield code="t">1</subfield>
    <subfield code="v">819.00</subfield>
    <subfield code="y">EN</subfield>
  </datafield>
  <datafield tag="952" ind1=" " ind2=" ">
    <subfield code="0">0</subfield>
    <subfield code="1">0</subfield>
    <subfield code="4">0</subfield>
    <subfield code="7">0</subfield>
    <subfield code="8">NFIC</subfield>
    <subfield code="a">BKK</subfield>
    <subfield code="b">BKK</subfield>
    <subfield code="d">2015-02-03</subfield>
    <subfield code="e">ABC/IN4454/13.12.2014/168/08.12.2014/30.12.2014</subfield>
    <subfield code="g">819.00</subfield>
    <subfield code="l">0</subfield>
    <subfield code="o">547 SOL</subfield>
    <subfield code="p">B-584534</subfield>
    <subfield code="r">2015-02-03 00:00:00</subfield>
    <subfield code="t">1</subfield>
    <subfield code="v">819.00</subfield>
    <subfield code="y">EN</subfield>
  </datafield>
  <datafield tag="952" ind1=" " ind2=" ">
    <subfield code="0">0</subfield>
    <subfield code="1">0</subfield>
    <subfield code="4">0</subfield>
    <subfield code="7">0</subfield>
    <subfield code="8">NFIC</subfield>
    <subfield code="a">NR</subfield>
    <subfield code="b">NR</subfield>
    <subfield code="d">2015-02-03</subfield>
    <subfield code="e">ABC/IN4454/13.12.2014/168/08.12.2014/30.12.2014</subfield>
    <subfield code="g">819.00</subfield>
    <subfield code="l">0</subfield>
    <subfield code="o">547 SOL</subfield>
    <subfield code="p">B-584535</subfield>
    <subfield code="r">2015-02-03 00:00:00</subfield>
    <subfield code="t">1</subfield>
    <subfield code="v">819.00</subfield>
    <subfield code="y">EN</subfield>
  </datafield>
  <datafield tag="952" ind1=" " ind2=" ">
    <subfield code="0">0</subfield>
    <subfield code="1">0</subfield>
    <subfield code="4">0</subfield>
    <subfield code="7">0</subfield>
    <subfield code="8">NFIC</subfield>
    <subfield code="a">BN</subfield>
    <subfield code="b">BN</subfield>
    <subfield code="d">2015-02-03</subfield>
    <subfield code="e">ABC/IN4454/13.12.2014/168/08.12.2014/30.12.2014</subfield>
    <subfield code="g">819.00</subfield>
    <subfield code="l">0</subfield>
    <subfield code="o">547 SOL</subfield>
    <subfield code="p">B-584536</subfield>
    <subfield code="r">2015-02-03 00:00:00</subfield>
    <subfield code="t">1</subfield>
    <subfield code="v">819.00</subfield>
    <subfield code="y">EN</subfield>
  </datafield>
  <datafield tag="952" ind1=" " ind2=" ">
    <subfield code="0">0</subfield>
    <subfield code="1">0</subfield>
    <subfield code="4">0</subfield>
    <subfield code="7">0</subfield>
    <subfield code="8">NFIC</subfield>
    <subfield code="a">KV</subfield>
    <subfield code="b">KV</subfield>
    <subfield code="d">2015-02-03</subfield>
    <subfield code="e">ABC/IN4454/13.12.2014/168/08.12.2014/30.12.2014</subfield>
    <subfield code="g">819.00</subfield>
    <subfield code="l">0</subfield>
    <subfield code="o">547 SOL</subfield>
    <subfield code="p">B-584537</subfield>
    <subfield code="r">2015-02-03 00:00:00</subfield>
    <subfield code="t">1</subfield>
    <subfield code="v">819.00</subfield>
    <subfield code="y">EN</subfield>
  </datafield>
  <datafield tag="952" ind1=" " ind2=" ">
    <subfield code="0">0</subfield>
    <subfield code="1">0</subfield>
    <subfield code="4">0</subfield>
    <subfield code="7">0</subfield>
    <subfield code="8">NFIC</subfield>
    <subfield code="a">MV</subfield>
    <subfield code="b">MV</subfield>
    <subfield code="d">2015-02-03</subfield>
    <subfield code="e">ABC/IN4454/13.12.2014/168/08.12.2014/30.12.2014</subfield>
    <subfield code="g">819.00</subfield>
    <subfield code="l">0</subfield>
    <subfield code="o">547 SOL</subfield>
    <subfield code="p">B-584538</subfield>
    <subfield code="r">2015-02-03 00:00:00</subfield>
    <subfield code="t">1</subfield>
    <subfield code="v">819.00</subfield>
    <subfield code="y">EN</subfield>
  </datafield>
  <datafield tag="952" ind1=" " ind2=" ">
    <subfield code="0">0</subfield>
    <subfield code="1">0</subfield>
    <subfield code="4">0</subfield>
    <subfield code="7">0</subfield>
    <subfield code="8">NFIC</subfield>
    <subfield code="a">MP</subfield>
    <subfield code="b">MP</subfield>
    <subfield code="d">2015-02-03</subfield>
    <subfield code="e">ABC/IN4454/13.12.2014/168/08.12.2014/30.12.2014</subfield>
    <subfield code="g">819.00</subfield>
    <subfield code="l">0</subfield>
    <subfield code="o">547 SOL</subfield>
    <subfield code="p">B-584539</subfield>
    <subfield code="r">2015-02-03 00:00:00</subfield>
    <subfield code="t">1</subfield>
    <subfield code="v">819.00</subfield>
    <subfield code="y">EN</subfield>
  </datafield>
  <datafield tag="952" ind1=" " ind2=" ">
    <subfield code="0">0</subfield>
    <subfield code="1">0</subfield>
    <subfield code="4">0</subfield>
    <subfield code="7">0</subfield>
    <subfield code="8">NFIC</subfield>
    <subfield code="a">BL4</subfield>
    <subfield code="b">BL4</subfield>
    <subfield code="d">2015-02-03</subfield>
    <subfield code="e">ABC/IN4454/13.12.2014/168/08.12.2014/30.12.2014</subfield>
    <subfield code="g">819.00</subfield>
    <subfield code="l">3</subfield>
    <subfield code="o">547 SOL</subfield>
    <subfield code="p">B-584540</subfield>
    <subfield code="r">2022-01-24 00:00:00</subfield>
    <subfield code="s">2022-01-04</subfield>
    <subfield code="t">1</subfield>
    <subfield code="v">819.00</subfield>
    <subfield code="y">EN</subfield>
  </datafield>
</record>
